LEADER 01530nam a2200337 a 4500 001 000000129174 003 CaOOAMICUS 005 20120605170639.0 008 120605s2011 nyu u000 u eng r 020 $a978-0-415-78111-4 040 $aPUL$bita 082 04$a305.4201 245 00$aCarole Pateman :$bdemocracy, feminism, welfare /$cEdited by Terrell Carver and Samuel A. Chambers. 260 $aNew York ;$aLondon :$bRoutledge,$c©2011. 300 $axxii, 226 p. ;$c24 cm 490 1 $aRoutledge innovators in political theory ;$v2 504 $aInclude riferimenti bibliografici ed indice. 600 14$aPaterman, Carole.$0(OLS)http://pul/subject/38721 650 4$aDemocrazia$xTeorie.$0(OLS)http://pul/subject/20052 650 4$aFemminismo.$0(OLS)http://pul/subject/18784 700 1 $aCarver, Terrell.$0(OLS)http://pul/name/32729 700 1 $aChambers, Samuel Allen.$0(OLS)http://pul/name/82688 830 0$aRoutledge innovators in political theory ;$v2.$0(OLS)http://pul/title/162135 850 $aPUL 852 $aPUL$W1$xSL Diritto e Scienze Sociali 3$y79$m305. 4201 CARTE 1$j149580$qDDC 21$B148106$CPULBib$Z2$F148106 $H119968 $82 941 1 $a9 996 $6020$a978-0-415-78111-4$9(OLS)http://pul/number/149900 996 $6082$a305.4201$9(OLS)http://pul/classification/2287 996 $6245$aCarole Pateman :$bdemocracy, feminism, welfare$9(OLS)http://pul/title/163227 996 $6260$aNew York ;$aLondon :$bRoutledge$9(OLS)http://pul/publisher/74387 LEADER 01617nam a2200361 u 4500 001 000000081284 003 CaOOAMICUS 005 20070226123735.0 008 050317s2004 it u000 u ita u 020 $a88-311-3179-6 035 $a11035061 040 $aPUL$bita 041 0 $aita$hgrc 100 0 $aClemens, Titus Flavius,$cAlexandrinus,$dc. 150-215/6.$0(OLS)http://pul/name/64266 240 10$aProtrepticus$9(Clemens Alexandrinus, c. 150-215/6).$lItaliano.$0(OLS)http://pul/title/106327 245 10$aProtrettico ai greci /$cClemente Alessandrino ; introduzione, traduzione e note di Franzo Migliore. 260 $aRoma :$bCittà Nuova,$cc2004. 300 $a248 p. ;$c20 cm 490 1 $aCollana di testi patristici ;$v179 500 $aContiene indici. 504 $aBibliografia in nota. 650 4$aLetteratura cristiana antica.$0(OLS)http://pul/subject/996 700 1 $aMigliore, Franzo.$0(OLS)http://pul/name/54189 830 0$aCollana di testi patristici ;$v179.$0(OLS)http://pul/title/17027 850 $aPUL 852 $aPUL$W1$xSL Cons. Gen., Altre Classi 1$y1$m2000 E 179$j103720$nBK-PRI$b $qStampati$B103720$CPULBib$Z2$F103720 $HPUL97294 $81 900 $aClemente di Alessandria$cs.,$dca. 150-ca. 215$964266 900 $aClemente Alessandrino,$cs.,$dca. 150-ca. 215$964266 900 $aClemens Alexandrinus,$dc. 150-215/6$964266 941 1 $a8 996 $6020$a88-311-3179-6$9(OLS)http://pul/number/107655 996 $6245$aProtrettico ai greci$9(OLS)http://pul/title/106328 996 $6260$aRoma :$bCittà Nuova$9(OLS)http://pul/publisher/47927